Process systems analysis and control (Record no. 13575)

000 -LEADER
fixed length control field 00578nam a22002051 4500
001 - CONTROL NUMBER
control field 13575
003 - CONTROL NUMBER IDENTIFIER
control field BD-DhUET
008 - FIXED-LENGTH DATA ELEMENTS--GENERAL INFORMATION
fixed length control field 730306s1965 nyua b 000 0 eng
040 ## - CATALOGING SOURCE
Original cataloging agency DLC
Transcribing agency DLC
Modifying agency BD-DhUET
082 ## - DEWEY DECIMAL CLASSIFICATION NUMBER
Classification number 660.284
Item number COU/1965
100 1# - MAIN ENTRY--PERSONAL NAME
Personal name Coughanowr, Donald R.
245 10 - TITLE STATEMENT
Title Process systems analysis and control
250 ## - EDITION STATEMENT
Edition statement 1st ed.
260 ## - PUBLICATION, DISTRIBUTION, ETC. (IMPRINT)
Place of publication, distribution, etc. New York
Name of publisher, distributor, etc. McGraw-Hill
Date of publication, distribution, etc. 1965
300 ## - PHYSICAL DESCRIPTION
Extent xii, 491 p.
Other physical details ill.
Dimensions 21 cm.
490 ## - SERIES STATEMENT
Series statement McGraw-Hill chemical engineering series
650 #0 - SUBJECT ADDED ENTRY--TOPICAL TERM
Topical term or geographic name as entry element Control devices process engineering
700 ## - ADDED ENTRY--PERSONAL NAME
Personal name Koppel, Lowell B.
942 ## - ADDED ENTRY ELEMENTS (KOHA)
Koha item type General Book
Holdings
Koha item type Koha full call number Koha issues (times borrowed) Koha date last borrowed Withdrawn status Piece designation (barcode) Damaged status Date acquired Shelving location Copy number Price effective from Not for loan Sublocation or collection (holding branch) Source of classification or shelving scheme Lost status Koha date last seen Koha normalized classification for sorting Location (home branch)
General Book660.284/COU/1965   29699 2015-03-03Circulation section12015-03-03 Central Library, BUET  2015-03-03660_284000000000000_COU_1965Central Library, BUET
General Book660.284/COU/196512017-05-09 29689 2015-03-03Circulation section22015-03-03 Central Library, BUET  2017-05-09660_284000000000000_COU_1965Central Library, BUET
General Book660.284/COU/1965   29697 2015-03-03Circulation section32015-03-03 Central Library, BUET  2015-03-03660_284000000000000_COU_1965Central Library, BUET
General Book660.284/COU/1965   29692 2015-03-03Circulation section42015-03-03 Central Library, BUET  2015-03-03660_284000000000000_COU_1965Central Library, BUET
General Book660.284/COU/1965   29698 2015-03-03Circulation section52015-03-03 Central Library, BUET  2015-03-03660_284000000000000_COU_1965Central Library, BUET
General Book660.284/COU/1965   29690 2015-03-03Circulation section62015-03-03 Central Library, BUET  2015-03-03660_284000000000000_COU_1965Central Library, BUET
General Book660.284/COU/1965   29688 2015-03-03Cataloging to Circulation72015-03-03 Central Library, BUET  2015-03-03660_284000000000000_COU_1965Central Library, BUET
General Book660.284/COU/1965   34519 2015-03-04Circulation section82015-03-04 Central Library, BUET  2015-03-04660_284000000000000_COU_1965Central Library, BUET
General Book660.284/COU/1965   29694 2015-05-11Circulation section92015-05-11 Central Library, BUET  2015-05-11660_284000000000000_COU_1965Central Library, BUET
General Book660.284/COU/1965   29696 2015-05-11Circulation section102015-05-11 Central Library, BUET  2015-05-11660_284000000000000_COU_1965Central Library, BUET
General Book660.284/COU/1965   29695 2015-05-13Circulation section112015-05-13 Central Library, BUET  2015-05-13660_284000000000000_COU_1965Central Library, BUET
General Book660.284/COU/1965   17869 2015-05-14Circulation section122015-05-14 Central Library, BUET  2015-05-14660_284000000000000_COU_1965Central Library, BUET
General Book660.284/COU/1965   15822 2015-05-18Circulation section132015-05-18 Central Library, BUET  2015-05-18660_284000000000000_COU_1965Central Library, BUET
General Book660.284/COU/1965   29700 2015-06-20Reading section142015-06-20 Central Library, BUET  2015-06-20660_284000000000000_COU_1965Central Library, BUET
General Book660.284/COU/1965   29701 2015-06-20Reading section152015-06-20 Central Library, BUET  2015-06-20660_284000000000000_COU_1965Central Library, BUET
General Book660.284/COU/1965   16716 2015-07-10Circulation section162015-07-10 Central Library, BUET  2015-07-10660_284000000000000_COU_1965Central Library, BUET